Loading...
| History - European | 0 | 3 | 1 | 1 | 25 | 33 | 56.00 | 0 | 2 | 0.00 | 0.00 |
| History - Other | 0 | 3 | 1 | 0 | 25 | 58 | 66.33 | 1 | 3 | 0.00 | 0.00 |
| Philosophy | 0 | 2 | 0 | 0 | 20 | 67 | 74.50 | 0 | 1 | 0.00 | 0.00 |
| History - American | 0 | 1 | 0 | 0 | 10 | 56 | 56.00 | 0 | 1 | 0.00 | 0.00 |
| Popular Culture | 0 | 1 | 0 | 0 | 10 | 55 | 55.00 | 0 | 1 | 0.00 | 0.00 |
| Science - Biology | 0 | 1 | 0 | 0 | 10 | 71 | 71.00 | 0 | 0 | 0.00 | 0.00 |
| History - World | 0 | 1 | 1 | 0 | 5 | 58 | 58.00 | 1 | 1 | 0.00 | 0.00 |
| Current Events | 0 | 1 | 1 | 0 | 5 | 65 | 65.00 | 0 | 0 | 0.00 | 0.00 |
| Literature - British | 0 | 1 | 1 | 0 | 5 | 65 | 65.00 | 0 | 0 | 0.00 | 0.00 |
| Geography | 0 | 1 | 2 | 1 | 0 | 87 | 87.00 | 0 | 0 | 0.00 | 0.00 |
| Mythology | 0 | 1 | 3 | 0 | -5 | 74 | 74.00 | 0 | 0 | 0.00 | 0.00 |